LIBRARY & INFORMATION CENTRE, KCAET, TAVANUR

ONLINE PUBLIC ACCESS CATALOGUE (OPAC)

Normal view MARC view
  • Sports and Games

Entry Topical Term

Number of records used in: 1

001 - CONTROL NUMBER

  • control field: 125

003 - CONTROL NUMBER IDENTIFIER

  • control field: OSt

005 - DATE AND TIME OF LATEST TRANSACTION

  • control field: 20141209112709.0

008 - FIXED-LENGTH DATA ELEMENTS

  • fixed length control field: 141209|| aca||aabn | a|a d

040 ## - CATALOGING SOURCE

  • Original cataloging agency: OSt
  • Transcribing agency: OSt

150 ## - HEADING--TOPICAL TERM

  • Topical term or geographic name as entry element: Sports and Games

670 ## - SOURCE DATA FOUND

  • Source citation: Work cat.: (OSt): Duffy, Michael 124, The Sports Books: The games,The Rules, The Tactics and The Techniques, 2007
free website counter